Microeconomics

Αποθηκεύτηκε σε:
Λεπτομέρειες βιβλιογραφικής εγγραφής
Κύριος συγγραφέας: Pindyck, Robert S.
Άλλοι συγγραφείς: Rubinfeld, Daniel L.
Μορφή: Βιβλίο
Γλώσσα:English
Δημοσίευση: New Jersey : Prentice Hall, 1998
Έκδοση:4th ed.
Θέματα:
Ετικέτες: Προσθήκη ετικέτας
Δεν υπάρχουν, Καταχωρήστε ετικέτα πρώτοι!

MARC

LEADER 00000nam a2200000 i 4500
001 1/85032
008 990628s1998 eng d
020 |a 0-13-896184-0 
035 |l 10051748 
040 |a GR-MY-UA  |b gre  |e aacr 
041 0 |a eng 
082 0 |a 338.5 
100 1 |a Pindyck, Robert S. 
245 1 0 |a Microeconomics /  |c Robert S. Pindyck; Daniel L. Rubinfeld 
250 |a 4th ed. 
260 |a New Jersey :   |b Prentice Hall,   |c 1998 
300 |a xxvi, 726 σ.;  |b έγχρ. εικ.;  |c 25 εκ. 
504 |a Περιέχει βιβλιογραφικές παραπομπές και ευρετήριο 
650 0 0 |a Microeconomics. 
700 1 |a Rubinfeld, Daniel L. 
852 |a INST  |b LESVOS  |e 19990628  |h 338.5 PIN  |p 005100015931  |q 005100015931  |t BK  |y 0 
901 |a BIBL1-1999-2 
909 |a Λ  |b 066335 
922 |a 1ΕΛΗ  |b 199906  |c ΚΠΣ/ΠΜΣ  |d ΠΑΠΑΣΩΤΗΡΙΟΥ 
950 |a 157-1999-06-02 
970 |a ΚΑΜΑΤΣΟΥ  |b ΔΕΣΠΟΙΝΑ  |z 19990629